02110nam a2200349 c 450000100060000000300100000600500170001600700030003300800410003602000180007704000350009504100080013004300070013808200170014508400060016210000270016824501070019525000120030226400510031430000180036533600290038333700330041233800280044549000420047349000240051550506370053952004260117665000300160265000460163265000340167870000480171260253CO-BoRNBP20251218201846.0ta091229s2006 ck a|||grb 000 0dspa d a9789588293219 aCO-BoRNBPbspaerdacCO-BoRNBP0 hspa ack04a070.44bG17p a010aGarcía, Alvaro.eaut10aPrimera línea :bEntrevistas en RCN /cAlvaro García ; edición de Benjamín Villegas Jiménez. a1a. ed. 1aBogotá, Colombia :bVillegas Editores,c2006 a402 páginas atextobtxt2rdacontenido asin mediaciónbn2rdamedio avolumenbnc2rdasoporte0 aColección dorada. Interés general0 aVillegas periodismo0 aMuhammad Yunus. -- Rodolfo Llinás. -- José Luis Cuevas . -- César Rincón. -- José María Aznar. -- Fernando Botero. -- Dalai Lama. -- Antonio Skármeta. -- Juan Pablo Montoya. -- Barbet Schoeder. -- Andrés López. -- Guillermo Kuitca. -- Enrique Vila-Matas. -- Alfonso López Michelsen. -- Naomi Campbell. -- Diego Armando Maradona. -- Diomedes Díaz. -- Javier Cercas. -- Luis Fernando Montoya. -- Michelle Bachelet. -- Pirry. -- Ernesto Báez. -- Fernando Savater. -- Emilio Azcárraga. -- Alfonso López Trujillo. -- Víctor Gaviria. -- Álvaro Uribe Vélez. -- Deepak Chopra. -- Juan Gossaín. -- Juanes aRecopilando las mejores 30 entrevistas del programa Primera Línea, esta antología ofrece un recorrido a través de la cultura hispana. Con una facilidad para rastrear las huellas íntimas de los entrevistados y con una personalidad que incita a la conversación, García ha obtenido unas revelaciones memorables y se ha situado en un lugar de privilegio dentro del reciente panorama del periodismo latinoamericano07aPersonajes celebres2lemb07aPersonajes colombianosvEntrevistas2lemb07aPolíticos colombianos2lemb1 aVillegas Jiménez, Benjamín,d1948-eedt